000 02241cam a2200397 i 4500
003 SA-RiAUC
005 20260113133436.0
008 251230s1912 su g 000r0 ara c
040 _aSA-MaHRM
_bara
_cSA-RiAUC
_erda
082 0 4 _a252.5
_qSA-RiAUC
090 _aم ن 252.5
_bل ب د
100 1 _aاللدي، عبد الغني بن ياسين،
_dتوفي 1319 هجري
_eمؤلف.
245 1 0 _aكتاب دليل الناسك لأداء المناسك على مذهب الإمام المبجل أبي عبد الله أحمد بن حنبل الشيباني طيب الله ثراه وجعل الجنة مثواه /
_cتأليف عبد الغني ابن ياسين اللبدي الحنبلي ؛ تصحيح علي بن أحمد الهواري
246 3 0 _aدليل الناسك لأداء المناسك على مذهب الإمام المبجل أبي عبد الله أحمد بن حنبل الشيباني
246 3 0 _aدليل الناسك لأداء المناسك
250 _aالطبعة الأولى.
264 1 _aمكة المكرمة :
_b[الناشر غير محدد]،
_c[1912]
264 2 _aمكة المكرمة :
_bمحمد يوسف بن أحمد الباز الكتبي [موزع]
264 3 _a[القاهرة، مصر] :
_bمطبعة التقدم العلمية
300 _a80 صفحة ؛
_c28 سم
336 _aنص
_btxt
_2rdacontent
_3كتاب
337 _aبدون وسيط
_bn
_2rdamedia
338 _aمجلد
_bnc
_2rdacarrier
500 _aتم تبييض الكتاب سنة : 1317 هـ.
500 _aيوجد بآخره تقاريظ الكتاب.
562 _aيوجد بها حواشي عليها شروح.
650 7 _aالحج (فقه إسلامي)
_xمناسك
_2aucsh
650 7 _aالفقه الحنبلي
_2aucsh
700 1 _aالهواري، علي بن أحمد
_eمصحح.
856 4 _uhttp://10.10.10.21/hipres/1287/book.Web/bookTestPage.html
856 4 _uhttp://10.0.0.80:1112/M.Alsamman/1287.pdf
856 4 _uhttp://10.10.10.21/hipres/1289/book.Web/bookTestPage.html
856 4 _uhttp://10.0.0.80:1112/M.Alsamman/1289.pdf
942 _2ddc
_cRBOOK COPY
_n0
949 _aSA-JeALM
_d251230
_umohamedma123
_n1
999 _c14029
_d14029